| 000 | 02328 a2200277 4500 | ||
|---|---|---|---|
| 003 | Nust | ||
| 005 | 20170207165829.0 | ||
| 010 | _a 2008003735 | ||
| 020 | _a0470723742 (cloth) | ||
| 020 | _a9780470723746 (cloth) | ||
| 035 | _a(OCoLC)182733640 | ||
| 035 | _a(OCoLC)ocn182733640 | ||
| 040 | _cNust | ||
| 082 | 0 | 0 | _a621.3815 |
| 245 | 0 | 0 |
_aMobile displays _btechnology and applications E-Book _cedited by Achintya K. Bhowmik, Zili Li, Philip J. Bos. |
| 260 |
_aChichester, England ; _aHoboken, NJ : _bJ. Wiley & Sons, _cc2008. |
||
| 300 |
_axxiv, 625 p. : _bill. ; _c26 cm. |
||
| 440 | 0 | _aWiley-SID series in display technology | |
| 505 | _a Introduction to Mobile Displays(Page-1), Human Factors Considerations: Seeing Information (Page-23), Advanced Mobile Display Technology (Page-53), In-Plane Switching (IPS) LCD Technology for Mobile Applications (Page-75), Transflective Liquid Crystal Display Technologies (Page-97), Wide Viewing Angle and High Brightness Liquid Crystal Displays Incorporating Birefringent Compensators and Energy-Efficient Backlight (Page-133), Backlighting of Mobile Displays (Page-211), LED Backlighting of LCDs in Mobile Appliances (Page-227), Advances in Mobile Display Driver Electronics (Page-251), Mobile Display Digital Interface (MDDI) (Page-285), MIPI High-Speed Serial Interface Standard for Mobile Displays (Page-315), Image Reconstruction on Color Sub-pixelated Displays (Page-329), Recent SOG (System-on-Glass) Development Based on LTPS Technology (Page-369), Advances in AMOLED Technologies (Page-385), Electronic Paper Displays (Page-427) Reflective Cholesteric Liquid Crystal Displays (Page-443), BiNem1 Displays: From Principles to Applications (Page-469), Electrowetting Displays for Mobile Multimedia Applications (Page-511),3D Displays for Portable Handheld Devices (Page-539), Eyewear Displays (Page-551), Mobile Projectors Using Scanned Beam Displays (Page-565), Plastic Backplane Technology for Mobile Displays (Page-589). | ||
| 650 | 0 | _aTelecommunications engineering - (E-BOOK) | |
| 700 | 1 | _aBhowmik, Achintya K. | |
| 700 | 1 | _aBos, Philip J. | |
| 700 | 1 | _aLi, Zili. | |
| 856 | 4 | 2 |
_3Publisher description _uhttp://www.loc.gov/catdir/enhancements/fy0810/2008003735-d.html |
| 856 | 4 | 2 |
_3Table of contents only _uhttp://www.loc.gov/catdir/enhancements/fy0810/2008003735-t.html |
| 942 |
_2ddc _cBK |
||
| 999 |
_c213202 _d213202 |
||